Banking in Africa : Financing transformation amid uncertainty (Record no. 89578)

MARC details
000 -LEADER
fixed length control field 01299nam a2200205Ia 4500
000 - LEADER
fixed length control field 01736naaa 00253uu
001 - CONTROL NUMBER
control field https://directory.doabooks.org/handle/20.500.12854/64158
008 - FIXED-LENGTH DATA ELEMENTS--GENERAL INFORMATION
fixed length control field 211013s9999 xx 000 0 und d
024 ## - OTHER STANDARD IDENTIFIER
Standard number or code https://doi.org/10.2867/306682
042 ## - AUTHENTICATION CODE
Authentication code dc
100 1# - MAIN ENTRY--PERSONAL NAME
Personal name European Investment Bank
245 #0 - TITLE STATEMENT
Title Banking in Africa : Financing transformation amid uncertainty
260 ## - PUBLICATION, DISTRIBUTION, ETC.
Name of publisher, distributor, etc. European Investment Bank
Date of publication, distribution, etc. 2020
520 ## - SUMMARY, ETC.
Summary, etc. In its fifth edition, this report focuses on recent developments in Africa's banking sectors and the policy options for all stakeholders. The study of banking sectors across all African sub-regions includes the results of the EIB survey of banking groups operating in Africa. Three thematic chapters address challenges and opportunities for financing investment in Africa: Investing sustainably in Africa's cities; Mobilising agricultural value chain financing in Africa: why and how; Remittances and financial sector development in Africa.
540 ## - TERMS GOVERNING USE AND REPRODUCTION NOTE
Terms governing use and reproduction Creative Commons
653 ## - INDEX TERM--UNCONTROLLED
Uncontrolled term Business & Economics
856 ## - ELECTRONIC LOCATION AND ACCESS
Uniform Resource Identifier <a href="https://docs.google.com/spreadsheets/d/1yKIrdCPDAG_9c22mwoOIO2DOhtj65Wqa/edit?usp=sharing&ouid=106555315294820607512&rtpof=true&sd=true ">https://docs.google.com/spreadsheets/d/1yKIrdCPDAG_9c22mwoOIO2DOhtj65Wqa/edit?usp=sharing&ouid=106555315294820607512&rtpof=true&sd=true </a>
Link text List of Curated E-Books
942 ## - ADDED ENTRY ELEMENTS (KOHA)
Koha item type E-Book

No items available.

University of Rizal System
Email us at univlibservices@urs.edu.ph

Visit our Website www.urs.edu.ph/library